| 000 | 00000nas##2200000za#4500 |
| 001 | 9.511634 |
| 003 | CaOODSP |
| 005 | 20200331212003 |
| 007 | ta |
| 008 | 150406c2009||||xxc|| p #||||f| |0eng|d |
| 020 | |z978-0-662-06900-3 |
| 022 | |a1920-2199 |
| 040 | |aCaOODSP|beng |
| 041 | |aeng |
| 041 | |afre |
| 043 | |an-cn--- |
| 086 | 1 |aHS22-3 |
| 110 | 1 |aCanada. |bHuman Resources and Skills Development Canada. |bLabour Program. |
| 245 | 10|aLabour focus newsletter |
| 260 | |aGatineau - Quebec : |bHuman Resources and Skills Development Canada. |
| 300 | |aEnglish text, ; |c28 cm. |
| 310 | |aQuarterly |
| 362 | 1 |aVol. 1, issue 1, Spring 2009-- |
| 520 | 3 |aFilled with articles, announcements, tips and facts, and information about Labour Program events, policies and programs. |
| 563 | |aSoftcover |
| 776 | 0#|tLabour focus newsletter |w(CaOODSP)9.506616 |
| 776 | 0#|tBulletin focus travail.|w(CaOODSP)9.503010 |
| 792 | |tBulletin focus travail |efre|w(CaOODSP)9.511635 |